| 000 | 01342cam a22002655a 4500 | ||
|---|---|---|---|
| 001 | L159602 | ||
| 008 | 150226s2017 xxk f 000 0 eng d | ||
| 035 | _a(Sirsi) u159602 | ||
| 041 | 0 | _aeng | |
| 050 | 0 | 4 | _a332.6324091 $2 18 |
| 110 | 2 |
_aRoyal Institution of Chartered Surveyors _94900 |
|
| 245 | 0 | 0 |
_aPerspectives on global real estate investment _h[electronic resource] |
| 260 |
_aLondon _bRICS _c2017 |
||
| 490 | 0 | _aRICS Research | |
| 490 | 0 | _aRICS Insight | |
| 520 | _aOffers the perspectives of global real estate investors on the theme of risk management. It is based on the insights of the RICS Real Estate Investment Risk Forum (IRF), a network of more than 40 senior investors from many of the world?s largest real estate investment businesses. Four main themes are risk management after the Global Financial Crisis, availability and accuracy of data, the shifting investment landscape, and emerging investment risks. | ||
| 590 | _aKA | ||
| 650 | 2 | 4 | _aREAL ESTATE INVESTMENT |
| 650 | 2 | 4 | _aRISK MANAGEMENT |
| 651 | 4 | _aInternational | |
| 690 |
_aInvestments _96250 |
||
| 690 |
_aCommercial property _96227 |
||
| 856 | 4 | 0 |
_uhttps://www.rics.org/globalassets/rics-website/media/knowledge/research/insights/perspectives-on-global-real-estate-investment-rics.pdf _zView the report free of charge at www.rics.org |
| 942 | _n0 | ||
| 999 |
_c116039 _d116039 |
||